| 000 | 01175nam a22003497a 4500 | ||
|---|---|---|---|
| 003 | CHAP | ||
| 005 | 20220329140737.0 | ||
| 008 | 971013s1988 r 10010 d | ||
| 010 | _a56915 | ||
| 011 | _a57887 | ||
| 035 | _a62042 | ||
| 040 | _cCHAP | ||
| 082 |
_a633.4 _bS9 |
||
| 111 | 0 | 0 |
_aSymposium of the International Society for Tropical Root Crops ( _n6 _d: 1983 _c: Lima, Perú) _9110966 |
| 245 | _aProceedings | ||
| 260 |
_aLima : _bCentro Internacional la Papa, _c19884 |
||
| 300 |
_a671 p. _b; gráfs. |
||
| 590 |
_aBATCH-UPD _b10 _c20130110 _lUCH01 _h0024 |
||
| 590 |
_aBATCH-UPD _b10 _c20130110 _lUCH01 _h0446 |
||
| 590 |
_aBATCH-UPD _b10 _c20130110 _lUCH01 _h2311 |
||
| 590 |
_aBATCH-UPD _b10 _c20130409 _lUCH01 _h2005 |
||
| 590 |
_aBATCH-UPD _b10 _c20130410 _lUCH01 _h0933 |
||
| 590 |
_aBATCH-UPD _b10 _c20130914 _lUCH01 _h0824 |
||
| 590 |
_aCONVERSION _b10 _c20130109 _lUCH01 _h1331 |
||
| 650 | 1 | 4 |
_aCamote _xCongresos. _917885 |
| 650 | 1 | 4 |
_aPapa _xCongresos. _985203 |
| 650 | 1 | 4 |
_aTubérculos y cultivos de raíz. _9115479 |
| 650 | 1 | 4 |
_aYuca _xCongresos. _9123279 |
| 901 | _aBK | ||
| 942 | _cLIBRO | ||
| 949 |
_a633.4 S9 _bBC _cLIBRO _d33724000664975 _eLIBRO _h63852 _i62042 _si |
||
| 999 |
_c56915 _d56915 |
||